[Event "Ponte de Lima op"]
[Site "Ponte de Lima"]
[Date "2024.04.12"]
[Round "6"]
[White "Adams, Philip"]
[Black "Milat, Marcel Victor"]
[Result "0-1"]
[WhiteElo "1943"]
[BlackElo "2169"]
[PlyCount "99"]
[EventDate "2024.04.09"]
[EventType "swiss"]
[EventRounds "9"]
[EventCountry "POR"]
[SourceTitle "CB17_2024"]
[SourceDate "2024.04.24"]
[SourceVersion "1"]
[SourceVersionDate "2024.04.24"]
[SourceQuality "1"]

1. e4 Nf6 2. e5 Nd5 3. d4 d6 4. c4 Nb6 5. exd6 exd6 6. Nc3 Be7 7. Bd3 Nc6 8. Nge2 Bf6 9. Be3 0-0 10. 0-0 Bg4 11. f3 Bh5 12. b3 Bg6 13. Bxg6 hxg6 14. d5 Ne7 15. Qd2 c6 16. dxc6 bxc6 17. Rad1 d5 18. cxd5 Nbxd5 19. Nxd5 Nxd5 20. Bf2 Re8 21. Nd4 Bg5 22. Nxc6 Bxd2 23. Nxd8 Re2 24. Nc6 Nc3 25. Nd4 Nxd1 26. Nxe2 Ne3 27. Rb1 a5 28. Ng3 Rc8 29. Ne4 Bc1 30. a3 f5 31. Nd6 Rc2 32. b4 Nd1 33. Bc5 Nc3 34. Ra1 Bb2 35. Re1 Bxa3 36. Re8+ Kh7 37. Nf7 g5 38. Nxg5+ Kg6 39. h4 Bxb4 40. Bxb4 axb4 41. Rb8 Ne2+ 42. Kf2 b3 43. g4 Kf6 44. Rb6+ Ke7 45. Ke3 f4+ 46. Kd3 Nc1+ 47. Ke4 b2 48. Kxf4 Rc3 49. Rb7+ Ke8 50. Ne4 0-1

[Event "BCF-chT3N 1920 (4NCL)"]
[Site "England"]
[Date "2020.01.12"]
[Round "4.34"]
[White "Adams, Philip"]
[Black "Johnson, Michael D"]
[Result "1/2-1/2"]
[WhiteElo "2042"]
[BlackElo "1942"]
[PlyCount "56"]
[EventDate "2019.11.09"]
[EventType "team-swiss"]
[EventRounds "11"]
[EventCountry "ENG"]
[SourceTitle "EXT 2022"]
[Source "ChessBase"]
[SourceDate "2021.10.06"]
[SourceVersion "1"]
[SourceVersionDate "2021.10.06"]
[SourceQuality "1"]
[WhiteTeam "3C's II"]
[BlackTeam "Spirit of Atticus II"]
[WhiteTeamCountry "ENG"]
[BlackTeamCountry "ENG"]

1. Nf3 d5 2. g3 Nf6 3. Bg2 g6 4. 0-0 Bg7 5. c4 c6 6. d3 dxc4 7. dxc4 Qxd1 8. Rxd1 Bg4 9. Nc3 Bxf3 10. exf3 0-0 11. Be3 Nbd7 12. Rd2 Rfd8 13. Rad1 Kf8 14. Ne4 Ke8 15. Nxf6+ Bxf6 16. b3 Nb6 17. Bh3 Rxd2 18. Rxd2 Rd8 19. Rxd8+ Kxd8 20. Kf1 e6 21. Ke2 Nc8 22. f4 b6 23. Kd3 c5 24. Bg2 Kc7 25. g4 Ne7 26. Be4 Nc6 27. Bxc6 Kxc6 28. Ke4 Kd6 1/2-1/2

[Event "BCF-chT3N 1920 (4NCL)"]
[Site "England"]
[Date "2019.11.09"]
[Round "1.33"]
[White "Adams, Philip"]
[Black "McElvenny, Damien"]
[Result "1/2-1/2"]
[WhiteElo "2042"]
[BlackElo "1757"]
[PlyCount "48"]
[EventDate "2019.11.09"]
[EventType "team-swiss"]
[EventRounds "11"]
[EventCountry "ENG"]
[SourceTitle "EXT 2022"]
[Source "ChessBase"]
[SourceDate "2021.10.06"]
[SourceVersion "1"]
[SourceVersionDate "2021.10.06"]
[SourceQuality "1"]
[WhiteTeam "3C's II"]
[BlackTeam "Bolton & Worsley"]
[WhiteTeamCountry "ENG"]
[BlackTeamCountry "ENG"]

1. e4 c5 2. Nf3 d6 3. c3 Nf6 4. h3 a6 5. Bd3 e6 6. Bc2 Be7 7. d4 cxd4 8. cxd4 Nbd7 9. 0-0 0-0 10. Nc3 b5 11. e5 Nd5 12. Nxd5 exd5 13. Qd3 g6 14. Bh6 Re8 15. Rfe1 Nb6 16. Qe2 Be6 17. b3 Rc8 18. Bd3 dxe5 19. Qxe5 Bf6 20. Qf4 Bg7 21. Re3 Qc7 22. Qh4 f6 23. Bf4 Qd7 24. Rae1 Bf7 1/2-1/2

[Event "Figueira da Foz op 13th"]
[Site "Figueira da Foz"]
[Date "2019.11.03"]
[Round "9"]
[White "Adams, Philip"]
[Black "Pintor, Simao Maciel Abranc"]
[Result "1-0"]
[WhiteElo "1993"]
[BlackElo "2137"]
[PlyCount "99"]
[EventDate "2019.10.27"]
[EventType "swiss"]
[EventRounds "9"]
[EventCountry "POR"]
[SourceTitle "CBM 192 Extra"]
[Source "Chessbase"]
[SourceDate "2019.11.06"]
[SourceVersion "1"]
[SourceVersionDate "2019.11.06"]
[SourceQuality "1"]

1. Nf3 d5 2. g3 c5 3. Bg2 Nc6 4. d4 e6 5. 0-0 Nf6 6. c4 Be7 7. dxc5 Bxc5 8. a3 a5 9. cxd5 exd5 10. Qc2 Bb6 11. Nc3 0-0 12. Bg5 Be6 13. Rad1 Rc8 14. Qa4 h6 15. Bxf6 Qxf6 16. Nxd5 Bxd5 17. Rxd5 Rfe8 18. e3 Rcd8 19. Rxd8 Rxd8 20. Qb5 Ne7 21. Qe5 Qxe5 22. Nxe5 Bc7 23. Nf3 Nc6 24. Rc1 Rd3 25. Kf1 Rb3 26. Rc2 Bd8 27. Nd2 Rb5 28. Bxc6 bxc6 29. b3 Be7 30. a4 Rd5 31. Ke2 Bb4 32. Nc4 Kf8 33. Rc1 Ke7 34. Rd1 Ke6 35. Rd3 g5 36. e4 Rxd3 37. Kxd3 h5 38. h3 f5 39. exf5+ Kxf5 40. Ne3+ Ke5 41. Ng2 Bc5 42. f4+ gxf4 43. Nxf4 h4 44. Ng6+ Kf6 45. Nxh4 Bf2 46. Nf3 Bxg3 47. Nd4 Be1 48. Nxc6 Ke6 49. Kc4 Kd6 50. Kb5 1-0

[Event "Figueira da Foz op 13th"]
[Site "Figueira da Foz"]
[Date "2019.11.01"]
[Round "7"]
[White "Adams, Philip"]
[Black "Guerreiro, Nuno M"]
[Result "0-1"]
[WhiteElo "1993"]
[BlackElo "2069"]
[PlyCount "86"]
[EventDate "2019.10.27"]
[EventType "swiss"]
[EventRounds "9"]
[EventCountry "POR"]
[SourceTitle "CBM 192 Extra"]
[Source "Chessbase"]
[SourceDate "2019.11.06"]
[SourceVersion "1"]
[SourceVersionDate "2019.11.06"]
[SourceQuality "1"]

1. e4 Nc6 2. Nf3 g6 3. d4 Bg7 4. d5 Nb8 5. Bc4 d6 6. h3 Nf6 7. Nc3 0-0 8. 0-0 c6 9. a4 Nbd7 10. a5 b5 11. axb6 Nxb6 12. Bb3 c5 13. Re1 Nfd7 14. Bf4 Bxc3 15. bxc3 f6 16. Bh6 Re8 17. Ba4 Nxa4 18. Rxa4 Nb6 19. Ra2 a5 20. Qd2 a4 21. Qf4 e5 22. Qg3 Kh8 23. h4 Qd7 24. Nh2 f5 25. f4 fxe4 26. fxe5 dxe5 27. Rd1 Nc4 28. d6 Nxd6 29. Qg5 Qd8 30. Qg3 Qe7 31. Bg5 Nf5 32. Qe1 Qf7 33. Raa1 h6 34. Bc1 Kh7 35. g4 Bb7 36. gxf5 gxf5 37. Rd6 Rg8+ 38. Kf2 f4 39. Qd1 e3+ 40. Kf1 Bc8 41. Qf3 Qc4+ 42. Rd3 e4 43. Qxf4 Bh3+ 0-1

[Event "Figueira da Foz op 13th"]
[Site "Figueira da Foz"]
[Date "2019.10.29"]
[Round "3"]
[White "Djuric, Stefan"]
[Black "Adams, Philip"]
[Result "1/2-1/2"]
[WhiteElo "2356"]
[BlackElo "1993"]
[PlyCount "35"]
[EventDate "2019.10.27"]
[EventType "swiss"]
[EventRounds "9"]
[EventCountry "POR"]
[SourceTitle "CBM 192 Extra"]
[Source "Chessbase"]
[SourceDate "2019.11.06"]
[SourceVersion "1"]
[SourceVersionDate "2019.11.06"]
[SourceQuality "1"]

1. e4 c6 2. Nc3 d5 3. Nf3 dxe4 4. Nxe4 Nf6 5. Qe2 Nxe4 6. Qxe4 Nd7 7. Bc4 Nf6 8. Ne5 e6 9. Qe2 b5 10. Nxc6 Qc7 11. Bd3 a6 12. Nd4 Bc5 13. Nb3 Bd6 14. c3 Bb7 15. Nd4 0-0 16. f3 Rfe8 17. Kd1 g6 18. Qf2 1/2-1/2

[Event "Pontevedra op 7th"]
[Site "Pontevedra"]
[Date "2019.08.14"]
[Round "9"]
[White "Abella Vazquez, Cesar"]
[Black "Adams, Philip"]
[Result "1/2-1/2"]
[WhiteElo "2163"]
[BlackElo "1960"]
[PlyCount "113"]
[EventDate "2019.08.08"]
[EventType "swiss"]
[EventRounds "9"]
[EventCountry "ESP"]
[SourceTitle "EXT 2020"]
[Source "ChessBase"]
[SourceDate "2019.10.17"]
[SourceVersion "1"]
[SourceVersionDate "2019.10.17"]
[SourceQuality "1"]

1. e4 d5 2. exd5 Qxd5 3. Nc3 Qd8 4. d4 Nf6 5. Bc4 a6 6. Nf3 b5 7. Bb3 c5 8. a3 e6 9. 0-0 Bb7 10. Be3 cxd4 11. Nxd4 Nc6 12. Re1 Nxd4 13. Bxd4 Be7 14. Ne2 0-0 15. c3 Qc7 16. Qc1 e5 17. Be3 Qc6 18. f3 Ng4 19. Kh1 Rae8 20. Ng3 Nxe3 21. Qxe3 Bc5 22. Qe2 Kh8 23. Rad1 f5 24. Bd5 Qc7 25. Bxb7 Qxb7 26. Qd3 Bf2 27. Re2 Bxg3 28. hxg3 e4 29. Qd5 Qc7 30. Qd6 Qf7 31. Rde1 exf3 32. gxf3 Rd8 33. Qe6 Qxe6 34. Rxe6 Rd2 35. R6e2 Rxe2 36. Rxe2 Kg8 37. Kg2 Kf7 38. Re5 Rd8 39. Rxf5+ Kg6 40. Rc5 Rd2+ 41. Kh3 Rxb2 42. Rc6+ Kf7 43. c4 bxc4 44. Rxc4 Rb3 45. Ra4 Rxf3 46. Rxa6 h5 47. a4 Ra3 48. Ra8 g5 49. Kg2 g4 50. a5 Ra2+ 51. Kf1 Ra3 52. a6 Kg7 53. Kg2 Kh7 54. Ra7+ Kg6 55. Ra8 Kg7 56. Ra7+ Kg6 57. Ra8 1/2-1/2

[Event "Sanxenxo Carlos op 11th"]
[Site "Sanxenxo"]
[Date "2019.06.27"]
[Round "6"]
[White "Adams, Philip"]
[Black "Rey Malde, Henrique"]
[Result "0-1"]
[WhiteElo "1947"]
[BlackElo "2196"]
[PlyCount "132"]
[EventDate "2019.06.22"]
[EventType "swiss"]
[EventRounds "9"]
[EventCountry "ESP"]
[SourceTitle "CBM 191 Extra"]
[Source "ChessBase"]
[SourceDate "2019.09.30"]
[SourceVersion "1"]
[SourceVersionDate "2019.09.30"]
[SourceQuality "1"]

1. e4 c5 2. Nf3 d6 3. Bb5+ Nd7 4. c3 a6 5. Ba4 b5 6. Bc2 c4 7. 0-0 Ngf6 8. b4 Bb7 9. Re1 e6 10. a4 bxa4 11. Rxa4 Be7 12. d4 cxd3 13. Bxd3 0-0 14. Nbd2 Qc7 15. Bb2 Nb6 16. Ra2 d5 17. e5 Nfd7 18. Qe2 Nb8 19. Nd4 Rc8 20. N2f3 Nc4 21. Bc1 Nd7 22. Bf4 Nf8 23. h4 Qb6 24. Rea1 Bc6 25. h5 Bb5 26. Nxb5 Qxb5 27. Nd4 Qb6 28. Rb1 Qd8 29. Qg4 Kh8 30. h6 g6 31. Nf3 Nd7 32. Re2 Kg8 33. Rbe1 Ncb6 34. Nd4 Nf8 35. Rc2 Rc7 36. Ra1 Qc8 37. Bg5 Bxg5 38. Qxg5 Nfd7 39. Rac1 Qb8 40. Nf3 a5 41. bxa5 Rxa5 42. Qf4 Qd8 43. Rb2 Rac5 44. Ng5 Qe7 45. Rb3 Nxe5 46. Qxe5 f6 47. Qg3 fxg5 48. Qe5 Nd7 49. Qg3 e5 50. Bb5 Nf8 51. Ra1 Rc8 52. Be2 Re8 53. Rba3 Rc7 54. Kh2 Qf6 55. Ra7 Rxa7 56. Rxa7 Ne6 57. Bb5 Rf8 58. Kg1 Rf7 59. Ra8+ Rf8 60. Ra6 Qf5 61. Bc6 Nf4 62. Kh2 g4 63. Qh4 g5 64. Qg3 e4 65. Ra7 Qe6 66. Bd7 Qxh6+ 0-1

[Event "BCF-chT3N 1819 (4NCL)"]
[Site "England"]
[Date "2019.02.09"]
[Round "5.33"]
[White "Trueman, Glenn"]
[Black "Adams, Philip"]
[Result "1/2-1/2"]
[WhiteElo "1870"]
[BlackElo "2080"]
[PlyCount "49"]
[EventDate "2018.11.10"]
[EventType "team-swiss"]
[EventRounds "11"]
[EventCountry "ENG"]
[SourceTitle "EXT 2021"]
[Source "ChessBase"]
[SourceDate "2020.10.23"]
[SourceVersion "1"]
[SourceVersionDate "2020.10.23"]
[SourceQuality "1"]
[WhiteTeam "Manchester Manticores III"]
[BlackTeam "3CS Oldham II"]
[WhiteTeamCountry "ENG"]
[BlackTeamCountry "ENG"]

1. e4 c5 2. Nf3 d6 3. Bb5+ Bd7 4. Bxd7+ Nxd7 5. 0-0 Ngf6 6. Qe2 Rc8 7. c3 Qc7 8. d3 e6 9. Nbd2 Be7 10. Re1 0-0 11. Nf1 Rfe8 12. h3 a6 13. Bf4 b5 14. Ng3 Bf8 15. a4 Qb7 16. axb5 axb5 17. Ra2 Ra8 18. Rea1 Rxa2 19. Rxa2 Ra8 20. Rxa8 Qxa8 21. Qc2 Qa2 22. Bc1 Nb6 23. Nd2 g6 24. Qb1 Qxb1 25. Nxb1 1/2-1/2

[Event "Figueira da Foz op 12th"]
[Site "Figueira da Foz"]
[Date "2018.10.30"]
[Round "3"]
[White "Adams, Philip"]
[Black "Roettgen, Juergen"]
[Result "1/2-1/2"]
[WhiteElo "1980"]
[BlackElo "2169"]
[PlyCount "80"]
[EventDate "2018.10.28"]
[EventType "swiss"]
[EventRounds "9"]
[EventCountry "POR"]
[SourceTitle "CBM 187 Extra"]
[Source "ChessBase"]
[SourceDate "2018.11.04"]
[SourceVersion "1"]
[SourceVersionDate "2018.11.04"]
[SourceQuality "1"]

1. Nf3 c5 2. c4 b6 3. g3 Bb7 4. Bg2 Nf6 5. 0-0 e6 6. b3 Be7 7. Bb2 0-0 8. Nc3 a6 9. e3 d6 10. d3 Qc7 11. Rc1 Nbd7 12. Qe2 Rfe8 13. Rfd1 Rad8 14. d4 Qb8 15. Nh4 Bxg2 16. Kxg2 Bf8 17. Kg1 Qb7 18. Qf3 Qxf3 19. Nxf3 g6 20. Rc2 cxd4 21. Nxd4 Nc5 22. b4 Nce4 23. Nxe4 Nxe4 24. f3 e5 25. fxe4 exd4 26. Bxd4 b5 27. cxb5 axb5 28. Rc7 Rxe4 29. Rb7 Ra8 30. Rxb5 Rxa2 31. Rb8 f5 32. Rc1 Kf7 33. Rc7+ Re7 34. Rbb7 Rc2 35. Rxe7+ Bxe7 36. b5 Ke6 37. h4 Rc1+ 38. Kf2 Rb1 39. b6 Bf6 40. Bxf6 Kxf6 1/2-1/2

[Event "EU-Cup 34th"]
[Site "Porto Carras"]
[Date "2018.10.15"]
[Round "4.6"]
[White "Jadin, Yves"]
[Black "Adams, Philip"]
[Result "1/2-1/2"]
[WhiteElo "1855"]
[BlackElo "1980"]
[PlyCount "60"]
[EventDate "2018.10.12"]
[EventType "team-swiss"]
[EventRounds "7"]
[EventCountry "GRE"]
[SourceTitle "CBM 187"]
[Source "ChessBase"]
[SourceDate "2018.12.11"]
[SourceVersion "1"]
[SourceVersionDate "2018.12.11"]
[SourceQuality "1"]
[WhiteTeam "Dudelange"]
[BlackTeam "3Cs"]
[WhiteTeamCountry "LUX"]
[BlackTeamCountry "ENG"]

1. d4 Nf6 2. Nf3 g6 3. Bf4 Bg7 4. e3 d6 5. Be2 0-0 6. h3 b6 7. Nbd2 Bb7 8. c3 Nbd7 9. 0-0 c5 10. Rc1 Rc8 11. Re1 Ne4 12. Nxe4 Bxe4 13. Nd2 Bb7 14. Bf3 Qc7 15. d5 b5 16. b3 c4 17. bxc4 bxc4 18. e4 Ba6 19. Be3 Nc5 20. Bxc5 Qxc5 21. Qc2 Qa3 22. Be2 Rc7 23. Nb1 Qa5 24. Qb2 Rb7 25. Qa3 Qxa3 26. Nxa3 Rb2 27. Bxc4 Bxc4 28. Nxc4 Rxa2 29. e5 dxe5 30. Nxe5 Bxe5 1/2-1/2

[Event "EU-Cup 34th"]
[Site "Porto Carras"]
[Date "2018.10.12"]
[Round "1.6"]
[White "Storme, Isak"]
[Black "Adams, Philip"]
[Result "1-0"]
[WhiteElo "2276"]
[BlackElo "1980"]
[PlyCount "49"]
[EventDate "2018.10.12"]
[EventType "team-swiss"]
[EventRounds "7"]
[EventCountry "GRE"]
[SourceTitle "CBM 187"]
[Source "ChessBase"]
[SourceDate "2018.12.11"]
[SourceVersion "1"]
[SourceVersionDate "2018.12.11"]
[SourceQuality "1"]
[WhiteTeam "Copenhagen 11"]
[BlackTeam "3Cs"]
[WhiteTeamCountry "DEN"]
[BlackTeamCountry "ENG"]

1. d4 Nf6 2. c4 g6 3. Nc3 Bg7 4. e4 d6 5. h3 0-0 6. Be3 e5 7. d5 a5 8. Nge2 Na6 9. g4 Nc5 10. Ng3 Bd7 11. Qd2 a4 12. Be2 c6 13. g5 Ne8 14. h4 Qa5 15. h5 Nc7 16. h6 Bh8 17. dxc6 Bxc6 18. 0-0 Rfd8 19. Rfd1 N7e6 20. Bg4 Nd4 21. f4 a3 22. b3 Bd7 23. f5 gxf5 24. exf5 Bxf5 25. Nxf5 1-0

[Event "Pontevedra op-A 6th"]
[Site "Pontevedra"]
[Date "2018.08.13"]
[Round "8"]
[White "Florez Rodriguez, Diego"]
[Black "Adams, Philip"]
[Result "1/2-1/2"]
[WhiteElo "2112"]
[BlackElo "1982"]
[PlyCount "103"]
[EventDate "2018.08.08"]
[EventType "swiss"]
[EventRounds "9"]
[EventCountry "ESP"]
[SourceTitle "EXT 2021"]
[Source "ChessBase"]
[SourceDate "2020.10.23"]
[SourceVersion "1"]
[SourceVersionDate "2020.10.23"]
[SourceQuality "1"]

1. Nf3 Nf6 2. g3 g6 3. Bg2 Bg7 4. 0-0 0-0 5. d4 d6 6. Nc3 c6 7. a4 Nbd7 8. e4 e5 9. h3 Qc7 10. Be3 b6 11. Qd2 Bb7 12. Nh2 a6 13. Ng4 Nxg4 14. hxg4 b5 15. b3 exd4 16. Bxd4 Ne5 17. f3 b4 18. Ne2 c5 19. Be3 Rfe8 20. Rad1 Rad8 21. Nf4 a5 22. Nd5 Bxd5 23. Qxd5 Qc6 24. Bf4 Qa6 25. Rfe1 Nc6 26. Bf1 Qb6 27. Bb5 Bd4+ 28. Kg2 Ne7 29. Qc4 Rf8 30. Bg5 Qa7 31. Rh1 d5 32. exd5 Nxd5 33. Rde1 Rd6 34. Re4 Nc3 35. Re7 Qb6 36. Be8 Nd5 37. Ree1 Qb8 38. Bb5 Bf6 39. Bc1 Rfd8 40. Qe2 Nc3 41. Qe8+ Rxe8 42. Rxe8+ Qxe8 43. Bxe8 Re6 44. Bd7 Re2+ 45. Kh3 Kf8 46. g5 Bd4 47. Rh2 Ke7 48. Bc6 Rxh2+ 49. Kxh2 Kd6 50. Be8 Ke7 51. Bc6 Kd6 52. Be8 1/2-1/2

[Event "Pontevedra op-A 6th"]
[Site "Pontevedra"]
[Date "2018.08.08"]
[Round "1"]
[White "Rodriguez Lopez, Rafael"]
[Black "Adams, Philip"]
[Result "1-0"]
[WhiteElo "2312"]
[BlackElo "1982"]
[PlyCount "113"]
[EventDate "2018.08.08"]
[EventType "swiss"]
[EventRounds "9"]
[EventCountry "ESP"]
[SourceTitle "EXT 2021"]
[Source "ChessBase"]
[SourceDate "2020.10.23"]
[SourceVersion "1"]
[SourceVersionDate "2020.10.23"]
[SourceQuality "1"]

1. d4 Nf6 2. c4 e6 3. Nf3 c5 4. d5 d6 5. Nc3 exd5 6. cxd5 g6 7. Nd2 Bg7 8. e4 0-0 9. Be2 Ne8 10. 0-0 f5 11. exf5 Bxf5 12. Nde4 Na6 13. Bg4 Nac7 14. Bxf5 Rxf5 15. g4 Rf8 16. a4 h6 17. Be3 Nf6 18. f3 Nxe4 19. Nxe4 b6 20. Qd2 Kh7 21. Kg2 Qe7 22. Rad1 Qe5 23. b3 Rae8 24. h3 g5 25. Qd3 Kh8 26. Bf2 Qe7 27. Rfe1 Be5 28. Ng3 Qf6 29. Nh5 Qf7 30. h4 Kg8 31. hxg5 hxg5 32. Rh1 Na6 33. Rh3 Nb4 34. Qb1 Re7 35. Be3 Nxd5 36. Rxd5 Qxd5 37. Bxg5 Qf7 38. Bxe7 Qxe7 39. Qd3 Bd4 40. Ng3 Re8 41. Qg6+ Bg7 42. Ne4 Rd8 43. g5 Kf8 44. Rh4 Qe5 45. Rh7 Rd7 46. Kh3 Rf7 47. Qxd6+ Qxd6 48. Nxd6 Rxf3+ 49. Kg4 Rxb3 50. Nf5 Be5 51. Rxa7 Rb1 52. Kh5 c4 53. Kg6 Ke8 54. Re7+ Kd8 55. Rxe5 c3 56. Rd5+ Kc7 57. Rd4 1-0

[Event "BCF-chT3N 1718 (4NCL)"]
[Site "England"]
[Date "2018.05.05"]
[Round "9.24"]
[White "Bryant, Richard BE"]
[Black "Adams, Philip"]
[Result "1/2-1/2"]
[WhiteElo "2026"]
[BlackElo "2004"]
[PlyCount "46"]
[EventDate "2017.11.11"]
[EventType "team-swiss"]
[EventRounds "11"]
[EventCountry "ENG"]
[SourceTitle "EXT 2020"]
[Source "ChessBase"]
[SourceDate "2019.10.17"]
[SourceVersion "1"]
[SourceVersionDate "2019.10.17"]
[SourceQuality "1"]
[WhiteTeam "Shropshire"]
[BlackTeam "3CS Oldham II"]
[WhiteTeamCountry "ENG"]
[BlackTeamCountry "ENG"]

1. e4 c5 2. Nc3 g6 3. g3 Bg7 4. Bg2 Nc6 5. d3 d6 6. Be3 Rb8 7. a4 e6 8. Qd2 Nd4 9. Rb1 Ne7 10. Nd1 b5 11. axb5 Rxb5 12. c3 Nb3 13. Qc2 0-0 14. Ne2 Qc7 15. 0-0 Bd7 16. Nc1 Rfb8 17. Nxb3 Rxb3 18. Ra1 a5 19. Bc1 a4 20. Ne3 Bc6 21. Re1 d5 22. exd5 exd5 23. Nf1 Qb7 1/2-1/2

[Event "BCF-chT3N 1718 (4NCL)"]
[Site "England"]
[Date "2018.03.18"]
[Round "8.12"]
[White "Adams, Philip"]
[Black "McPhillips, Karl"]
[Result "1/2-1/2"]
[WhiteElo "2004"]
[BlackElo "2243"]
[PlyCount "134"]
[EventDate "2017.11.11"]
[EventType "team-swiss"]
[EventRounds "11"]
[EventCountry "ENG"]
[SourceTitle "EXT 2020"]
[Source "ChessBase"]
[SourceDate "2019.10.17"]
[SourceVersion "1"]
[SourceVersionDate "2019.10.17"]
[SourceQuality "1"]
[WhiteTeam "3CS Oldham II"]
[BlackTeam "Gonzaga"]
[WhiteTeamCountry "ENG"]
[BlackTeamCountry "IRL"]

1. e4 c5 2. Nf3 Nc6 3. c3 d5 4. exd5 Qxd5 5. d4 cxd4 6. cxd4 e5 7. Nc3 Bb4 8. Bd2 Bxc3 9. Bxc3 e4 10. Ne5 Nxe5 11. dxe5 Ne7 12. Be2 0-0 13. 0-0 Be6 14. Qa4 Bd7 15. Qa3 Qe6 16. Rad1 Bc6 17. Rd6 Qf5 18. Rfd1 Qg5 19. Bf1 Nf5 20. R6d2 e3 21. fxe3 Nxe3 22. Re1 Rad8 23. Rf2 Ng4 24. Rc2 Qf5 25. Rce2 a6 26. h3 Nh6 27. Rf2 Qe6 28. b3 Nf5 29. Bc4 Bd5 30. Bd3 Nh4 31. Bf1 Rc8 32. Ba1 Qg6 33. b4 Rfd8 34. Qe3 Nf5 35. Qf4 Ng3 36. Kh2 Nxf1+ 37. Rexf1 Rc4 38. Qd2 Qb6 39. e6 Bxe6 40. Qg5 Qd6+ 41. Kh1 Rd4 42. Bxd4 Qxd4 43. Qe7 Qd5 44. Kg1 h5 45. Rc1 Rd7 46. Qc5 Qxc5 47. Rxc5 Rd4 48. Rb2 h4 49. a4 g6 50. Rc7 Rd1+ 51. Kf2 Ra1 52. Rxb7 Rxa4 53. Rc7 Kg7 54. Rc5 Ra1 55. Ra5 Rh1 56. Rxa6 Bxh3 57. b5 Bc8 58. Ra7 h3 59. Kg3 Be6 60. gxh3 Rxh3+ 61. Kg2 Rh8 62. b6 Bd5+ 63. Kg3 Rb8 64. Rd7 Bc6 65. Ra7 Bd5 66. Rd2 Bc6 67. Rb2 Kf6 1/2-1/2

[Event "Figueira da Foz op 11th"]
[Site "Figueira da Foz"]
[Date "2017.11.01"]
[Round "5"]
[White "Adams, Philip"]
[Black "Azul, Artur"]
[Result "1-0"]
[WhiteElo "2004"]
[BlackElo "1525"]
[PlyCount "57"]
[EventDate "2017.10.29"]
[EventType "swiss"]
[EventRounds "9"]
[EventCountry "POR"]
[SourceTitle "CBM 181 Extra"]
[Source "ChessBase"]
[SourceDate "2017.12.12"]
[SourceVersion "1"]
[SourceVersionDate "2017.12.12"]
[SourceQuality "1"]

1. e4 c5 2. Nf3 d6 3. Bb5+ Bd7 4. Bxd7+ Nxd7 5. 0-0 g6 6. c3 Bg7 7. d4 cxd4 8. cxd4 e6 9. Nc3 a6 10. Re1 Ne7 11. Be3 0-0 12. Qd2 Re8 13. Rac1 Nb6 14. b3 d5 15. e5 Rc8 16. Bg5 Rc6 17. Ne2 Qd7 18. Rxc6 Nxc6 19. Bh6 Qe7 20. h4 Qf8 21. Bxg7 Qxg7 22. Nf4 h6 23. Nd3 Qf8 24. Nc5 Re7 25. Rc1 Na7 26. Nh2 Kh7 27. Ng4 Nd7 28. Nxd7 Rxd7 29. Nf6+ 1-0

[Event "Figueira da Foz op 11th"]
[Site "Figueira da Foz"]
[Date "2017.10.30"]
[Round "2"]
[White "Adams, Philip"]
[Black "Pipiras, Filipa Fortuna"]
[Result "1/2-1/2"]
[WhiteElo "2004"]
[BlackElo "1568"]
[PlyCount "85"]
[EventDate "2017.10.29"]
[EventType "swiss"]
[EventRounds "9"]
[EventCountry "POR"]
[SourceTitle "CBM 181 Extra"]
[Source "ChessBase"]
[SourceDate "2017.12.12"]
[SourceVersion "1"]
[SourceVersionDate "2017.12.12"]
[SourceQuality "1"]

1. e4 e5 2. Nf3 Nc6 3. Bb5 a6 4. Ba4 Nf6 5. 0-0 Be7 6. Re1 b5 7. Bb3 d6 8. c3 0-0 9. d3 Nd7 10. Nbd2 Nb6 11. Nf1 Na5 12. Bc2 c5 13. Ng3 Nc6 14. h3 Re8 15. a3 a5 16. d4 a4 17. Rb1 Qc7 18. dxc5 dxc5 19. Nh2 Be6 20. Nf5 Bf8 21. Qf3 b4 22. Ng4 Ne7 23. Qg3 Ng6 24. h4 h5 25. Nh2 Ne7 26. Nf3 b3 27. Bd3 c4 28. Nxe7+ Bxe7 29. Be2 Nd7 30. Bh6 g6 31. Ng5 Bf8 32. Nxe6 Rxe6 33. Bxf8 Kxf8 34. Qg5 Nb6 35. Rbd1 Qe7 36. Qh6+ Kg8 37. Qe3 Qxh4 38. Bf1 Rd8 39. Qg3 Rxd1 40. Qxh4 Rxe1 41. Qd8+ Kg7 42. Qd2 Rb1 43. g3 1/2-1/2

[Event "Mondariz Balneario Cemar op 4th"]
[Site "Mondariz"]
[Date "2017.08.23"]
[Round "9"]
[White "Adams, Philip"]
[Black "Garcia Albarracin, Francisco"]
[Result "0-1"]
[WhiteElo "1983"]
[BlackElo "2323"]
[PlyCount "160"]
[EventDate "2017.08.16"]
[EventType "swiss"]
[EventRounds "9"]
[EventCountry "ESP"]
[SourceTitle "CBM 180 Extra"]
[Source "ChessBase"]
[SourceDate "2017.10.06"]
[SourceVersion "1"]
[SourceVersionDate "2017.10.06"]
[SourceQuality "1"]

1. e4 c6 2. c4 e5 3. Nf3 d6 4. d4 Nd7 5. Nc3 Ngf6 6. Be2 Be7 7. 0-0 0-0 8. Re1 a6 9. Rb1 Re8 10. Bf1 Bf8 11. h3 Qc7 12. d5 c5 13. a3 g6 14. Bg5 h6 15. Bd2 Bg7 16. b4 Rf8 17. Qc1 Kh7 18. Be3 Ne8 19. Nd2 f5 20. f3 f4 21. Bf2 b6 22. Qc2 g5 23. Qa4 Ra7 24. Rb2 h5 25. Be2 Ndf6 26. Qc6 Bh6 27. Qxc7+ Rxc7 28. Reb1 g4 29. hxg4 hxg4 30. bxc5 bxc5 31. Rb8 Rg8 32. Kf1 Nh5 33. R1b6 Ng3+ 34. Ke1 Nxe2 35. Kxe2 gxf3+ 36. gxf3 Bg5 37. Rc6 Bd7 38. Rxa6 Bh3 39. Nb5 Rd7 40. Raa8 Nf6 41. Rxg8 Nxg8 42. Ra6 Be7 43. Nb3 Nf6 44. Ra7 Rxa7 45. Nxa7 Nd7 46. Nc8 Bf8 47. a4 Nb8 48. Nb6 Be7 49. a5 Kg6 50. Be1 Kf7 51. Na1 Ke8 52. Nc2 Kd8 53. Na3 Kc7 54. Nb5+ Kb7 55. Na4 Na6 56. Bc3 Bd7 57. Nb2 Nc7 58. Nxc7 Kxc7 59. Nd3 Bc8 60. Nf2 Kb7 61. Nd3 Kc7 62. Nc1 Ba6 63. Kd3 Bc8 64. Nb3 Bf6 65. Nd2 Bh3 66. Ke2 Kb7 67. Nb3 Ka6 68. Be1 Bd7 69. Bf2 Be7 70. Be1 Ba4 71. Nc1 Bd8 72. Na2 Bb3 73. Nc1 Bxc4+ 74. Kd1 Bxa5 75. Bh4 Kb5 76. Be7 Bc7 77. Kc2 Bf1 78. Nb3 c4 79. Nd2 Bd3+ 80. Kd1 Kb4 0-1

[Event "Mondariz Balneario Cemar op 4th"]
[Site "Mondariz"]
[Date "2017.08.19"]
[Round "4"]
[White "Adams, Philip"]
[Black "Gomez Fernandez, Pedro Javier"]
[Result "1-0"]
[WhiteElo "1983"]
[BlackElo "1823"]
[PlyCount "49"]
[EventDate "2017.08.16"]
[EventType "swiss"]
[EventRounds "9"]
[EventCountry "ESP"]
[SourceTitle "CBM 180 Extra"]
[Source "ChessBase"]
[SourceDate "2017.10.06"]
[SourceVersion "1"]
[SourceVersionDate "2017.10.06"]
[SourceQuality "1"]

1. e4 e6 2. Nf3 d5 3. Nc3 d4 4. Ne2 c5 5. c3 dxc3 6. Nxc3 Nc6 7. Bb5 Bd7 8. 0-0 a6 9. Bxc6 Bxc6 10. d4 Qc7 11. d5 0-0-0 12. Qb3 exd5 13. exd5 Bd7 14. Bg5 f6 15. Bh4 Bg4 16. Ne4 c4 17. Qe3 Rxd5 18. Bg3 Qc6 19. Rad1 f5 20. Rxd5 Qxd5 21. Nc3 Qc6 22. Rd1 Bxf3 23. gxf3 b5 24. Qe5 f4 25. Qxf4 1-0